=LDR 00000nam 2200000 4500 =001 INLIS000000000032048 =005 20130612134058 =008 ***********************************ind** =035 ##$$0010-061300000032048 =041 ##$$a ind =082 ##$$a 530.03 =090 ##$$a R.530.03, Sri e =100 ##$$a Sri, Suyati =245 ##$$a Ensiklopedia Fisika 3, Cahaya dan Optik, Sri Soeyati, Agus Salam =260 ##$$a 2007 $b Jakarta =300 ##$$a iv,28 hlm., 30 cm =650 ##$$a Fisika - Ensiklopedia =700 ##$$a Salam, Agus =850 ##$$a NBPNMAT =990 ##$$a 86128612